000 00836nam a2200265 a 4500
001 BRL_1054
005 20190320211020.0
008 051113s1950----mx-a######---#000-0#spa-#
041 _aspa
044 _amx
050 4 _aN6553
_b.E53 10 1950
100 1 _aHernández, Francisco Javier
_925692
245 1 0 _aEl juguete popular en México
_bestudio de interpretación
_cFrancisco Javier Hernández.
260 _aMéxico
_bEdiciones Mexicanas
_c1950
300 _a158 p.
_bil. (algunas a color)
_c23 cm.
440 0 _aEnciclopedia mexicana de arte
_v10
_925693
500 _aIncluye ilustraciones al final, [57] p.
500 _aAu1166
504 _aBibliografía: p. 155-158
650 1 4 _aArte
_zMéxico
_925694
650 1 4 _aJuguetes
_zMéxico
_924193
651 4 _aMéxico
_xAntigüedades
_92765
902 _aGRL
942 _2lcc
_cB
999 _c9866
_d9866